Statistics for Picture Puzzle Quiz - United States

Click here to take the quiz!

General Stats

  • This quiz has been taken 25 times
  • The average score is 25 of 27

Answer Stats

Answer % Correct
Ark
100%
Tennessee
100%
West Virginia
100%
Virgin
100%
West
100%
Kentucky
100%
Ken
100%
Rhode Island
100%
Arkansas
100%
Ten
100%
Key
95%
Sea
95%
Island
95%
Road
95%
Can
95%
Saw
95%
Ness
95%
Ear
91%
Duck
91%
North Dakota
91%
North
91%
Duck
91%
Homer
86%
Oak
82%
Oklahoma
82%
Lure
64%
Oder
36%

Score Distribution

Percentile by Number Answered

Percent of People with Each Score

Your Score History

You have not taken this quiz